| 000 | 01266nam a22003617a 4500 | ||
|---|---|---|---|
| 001 | 0017723 | ||
| 003 | KOHA_MİRAKIL | ||
| 005 | 20260207002150.0 | ||
| 007 | ta | ||
| 008 | 100531b2006 tu |||gro|||#1|||0|tur | | ||
| 040 |
_aTR-BiSEU _btur _cTR-BiSEU _erda |
||
| 041 | 0 | _atur | |
| 044 | _ctu | ||
| 050 |
_aD443 _b.M43 2006 |
||
| 111 | 2 |
_aMedeniyetler ve Dunya Düzenleri Uluslararası Sempozyum(12-14 Mayıs 2008-İstanbul) _941177 |
|
| 240 | 1 | 0 |
_aCivilizations and World Orders International Symposium _lTürkçe |
| 245 | 1 |
_aMedeniyetler ve Dünya Düzenleri Uluslararası Sempozyum Tebliğ Özetleri = _bCivilizations and World Orders International Symposium. |
|
| 264 | 1 |
_aİstanbul : _bBilim sanat vakfı _c2006 |
|
| 300 | _a247 sayfa | ||
| 336 |
_ametin _btxt _2rdacontent |
||
| 337 |
_aaracısız _bn _2rdamedia |
||
| 338 |
_acilt _bnc _2rdacarrier |
||
| 650 | 0 |
_aUygarlık. _938153 |
|
| 650 | 0 |
_aKüreselleşme. _96273 |
|
| 650 | 0 |
_aDünya politikası--20.yüzyıl. _941178 |
|
| 650 | 0 |
_aDünya politikası--19.yüzyıl. _941179 |
|
| 650 | 0 |
_aCivilization. _914843 |
|
| 650 | 0 |
_aGlobalization. _98441 |
|
| 650 | 0 |
_aWorld politics--20th century. _941180 |
|
| 650 | 0 |
_aWorld politics--19th century. _941181 |
|
| 907 | _aSempozyum | ||
| 942 |
_2lcc _cBK |
||
| 999 |
_c17680 _d17680 |
||